| 000 | 00367 a2200169 4500 | ||
|---|---|---|---|
| 001 | 73036 | ||
| 020 | _a9788526279100 | ||
| 040 | _cAnchieta - Colégio São Paulo | ||
| 100 | _aGaravello, Tito Marcio | ||
| 240 | 1 | 0 |
_aGeografia _lpor |
| 245 | 1 | 0 | _aGeografia |
| 300 | _a264 | ||
| 362 | 0 | _a2010 | |
| 440 | 1 | _aScipione | |
| 650 | 4 | _aGeografia e viagens | |
| 942 | _cBK | ||
| 999 |
_c73036 _d73036 |
||